| 000 | 00558nam a2200145 i 4500 | ||
|---|---|---|---|
| 001 | 60427 | ||
| 003 | ES-MaACL | ||
| 007 | t| | ||
| 008 | 031104q1904 sp ||||1| spa d | ||
| 100 | 1 |
_aEscudé Bartoli, Manuel. _947671 |
|
| 245 | 1 | 0 |
_aAtlas geográfico ibero-americano _b: España : descripción geográfica y estadística de las provincias españolas : índice de los Ayuntamientos con la población de 1901 / _cpor Manuel Escudé Bartoli. |
| 260 |
_aBarcelona : _b[s.n., _c1904?] ( _fF. Vives) |
||
| 300 |
_a535 p. ; _c38 cm. |
||
| 852 |
_aES-MaACL _jB-2076 |
||
| 999 |
_c60427 _d60427 |
||